000 00545nam a2200193Ia 4500
003 OSt
005 20250924190131.0
008 210423s1979 xx 000 0 und d
040 _cAL
041 _aEnglish
082 _a303.6
_bBAHC
100 _abahadur K P
_9105731
245 _aCaste tribes and culture of india
_b: karnataka kerala and tamilnadu
260 _aNew Delhi
_bWiley and Sons
_c1979
365 _b60
_cINR
440 _v4
906 _aCaste ; culture ; india: ; karnataka ; kerala ; tamilnadu. ; tribes
942 _2ddc
_cBK
999 _c172244
_d172244